Catalog

Record Details

Catalog Search



Available copies

  • 2 of 2 copies available at LARL/NWRL Consortium.
  • 2 of 2 copies available at Lake Agassiz Regional Library. (Show preferred library)

Current holds

0 current holds with 2 total copies.

Show All Copies
Location Call Number / Copy Notes Barcode Shelving Location Status Due Date
Crookston Public Library Y CHA (Text) 33500014386551 New Available -
Detroit Lakes Public Library Y CHA (Text) 33500014386569 New Available -

Record details

  • ISBN: 9780593905180
  • ISBN: 0593905180
  • ISBN: 9780593905197
  • ISBN: 0593905199
  • ISBN: 9780593905210
  • ISBN: 0593905210
  • Physical Description: 476 pages : illustrations, maps ; 24 cm
  • Publisher: New York, NY : Random House Books for Young Readers, [2026]

Content descriptions

Summary, etc.:
With the United States on the brink of collapse, ... Read More
Target Audience Note:
Ages 14 and up Random House.
Grades 10-12 Random House.
Subject: Revolutions > Fiction.
Presidents > Fiction.
Murder > Fiction.
Suspects (Criminal investigation) > Fiction.
Teenagers > Political activity > Fiction.
Revolutions.
Presidents.
Murder.
Suspects (Criminal investigation)
Teenagers > Political activity.
Revolutions.
Presidents.
Murder.
YOUNG ADULT FICTION / Social Themes / Activism & Social Justice.
Genre: Political fiction.
Suspense fiction.
Political fiction.
Thrillers (Fiction)
Novels.
LDR 04540cam a2200961 i 4500
001483548
003LARL_NWRL_CONSORTIUM
00520260601142227.0
008260413s2026 nyuab e 000 f eng
010 . ‡a 2026014849
040 . ‡aDLC ‡beng ‡erda ‡cDLC ‡dIG# ‡dTOH ‡dYDX ‡dOCLCO ‡dOQX ‡dOCLCO ‡dRNL ‡dOCLCO ‡dHBP ‡dOCLCO ‡dYDX ‡dYU6 ‡dCHILD
019 . ‡a1532518449
020 . ‡a9780593905180 ‡qhardcover
020 . ‡a0593905180 ‡qhardcover
020 . ‡a9780593905197 ‡qlibrary binding
020 . ‡a0593905199 ‡qlibrary binding
020 . ‡a9780593905210 ‡qpaperback
020 . ‡a0593905210 ‡qpaperback
020 . ‡z9780593905203 ‡qelectronic book
020 . ‡z9798217171972
035 . ‡a(OCoLC)1543001452 ‡z(OCoLC)1532518449
042 . ‡apcc
08204. ‡a813/.6 ‡223/eng/20260513
1001 . ‡aChainani, Soman, ‡eauthor. ‡4aut ‡4http://id.loc.gov/vocabulary/relators/aut ‡1https://id.oclc.org/worldcat/entity/E39PBJwCWtPY4wBMdqhGKt8Hmd ‡1http://id.loc.gov/rwo/agents/no2013051387 ‡0(LARL_NWRL_CONSORTIUM)221098
24510. ‡aYoung world / ‡cSoman Chainani.
264 1. ‡aNew York, NY : ‡bRandom House Books for Young Readers, ‡c[2026]
300 . ‡a476 pages : ‡billustrations, maps ; ‡c24 cm
334 . ‡asingle unit ‡bmono ‡0http://id.loc.gov/vocabulary/issuance/mono
336 . ‡atext ‡btxt ‡2rdacontent ‡0http://id.loc.gov/vocabulary/contentTypes/txt
337 . ‡aunmediated ‡bn ‡2rdamedia ‡0http://id.loc.gov/vocabulary/mediaTypes/n
338 . ‡avolume ‡bnc ‡2rdacarrier ‡0http://id.loc.gov/vocabulary/carriers/nc
385 . ‡mAge group ‡nage ‡aTeenagers ‡2lcdgt ‡0http://id.loc.gov/authorities/demographicTerms/dg2015060011
520 . ‡aWith the United States on the brink of collapse, high school senior Benton shocks the nation by running for president and winning, but when another world leader is murdered, he becomes the prime suspect and must unravel a deadly web of secrets and betrayal before it costs him and the world everything.
521 . ‡aAges 14 and up ‡bRandom House.
521 . ‡aGrades 10-12 ‡bRandom House.
650 0. ‡aRevolutions ‡vFiction. ‡0(LARL_NWRL_CONSORTIUM)167128
650 0. ‡aPresidents ‡vFiction. ‡0(LARL_NWRL_CONSORTIUM)166746
650 0. ‡aMurder ‡vFiction. ‡0(LARL_NWRL_CONSORTIUM)165989
650 0. ‡aSuspects (Criminal investigation) ‡vFiction.
650 0. ‡aTeenagers ‡xPolitical activity ‡vFiction.
650 0. ‡aRevolutions. ‡0(LARL_NWRL_CONSORTIUM)29776
650 0. ‡aPresidents. ‡0(LARL_NWRL_CONSORTIUM)28757
650 0. ‡aMurder. ‡0(LARL_NWRL_CONSORTIUM)26285
650 0. ‡aSuspects (Criminal investigation)
650 0. ‡aTeenagers ‡xPolitical activity.
650 1. ‡aRevolutions. ‡0(LARL_NWRL_CONSORTIUM)29776
650 1. ‡aPresidents. ‡0(LARL_NWRL_CONSORTIUM)28757
650 1. ‡aMurder. ‡0(LARL_NWRL_CONSORTIUM)26285
650 7. ‡aYOUNG ADULT FICTION / Social Themes / Activism & Social Justice. ‡2bisacsh
655 0. ‡aPolitical fiction.
655 0. ‡aSuspense fiction.
655 7. ‡aPolitical fiction. ‡2lcgft
655 7. ‡aThrillers (Fiction) ‡2lcgft
655 7. ‡aNovels. ‡2lcgft
758 . ‡1http://id.loc.gov/resources/instances/in00024549132
758 . ‡4http://id.loc.gov/ontologies/bibframe/instanceOf ‡1http://id.loc.gov/resources/works/in00024549132
77608. ‡iOnline version ‡4http://id.loc.gov/entities/relationships/onlineversion ‡aChainani, Soman ‡tYoung world ‡dNew York : Random House, 2026 ‡z9780593905203 ‡w(DLC) 2026014850
884 . ‡aDLC bibframe2marc v3.1-dev ‡g20260413 ‡qDLC ‡uhttps://github.com/lcnetdev/bibframe2marc/tree/v3.1-dev
901 . ‡a483548 ‡bOCoLC ‡c483548 ‡tbiblio ‡soclc

Additional Resources